00502nam a2200145 4500001000700000003000900007005001700016007000300033008004100036100003100077245010900108260009600217300002200313852002100335127910ES-MaACL20230906193122.0t|070214s1913 sp r ||||1| spa d1 aRío Joan, Francisco del.10aTelegrafía general b: introducción a un libro de telegrafía militar / cFrancisco del Río Joan. aMadrid : b[s.n.], c1913 (fImp. de la `Revista Técnica de Infantería y Caballería`) a605 p. ; c23 cm. aES-MaACLjG-7647